| 000 | 01910nam a2200373Ia 4500 | ||
|---|---|---|---|
| 001 | ebr10197134 | ||
| 003 | CaPaEBR | ||
| 006 | m u | ||
| 007 | cr cn||||||||| | ||
| 008 | 070817s2008 dcua sb 100 0 eng d | ||
| 010 | _z 2007034298 | ||
| 020 | _z9780821370018 | ||
| 040 |
_aCaPaEBR _cCaPaEBR |
||
| 035 | _a(OCoLC)290490784 | ||
| 050 | 1 | 4 |
_aHG4538.5 _b.N44 2008eb |
| 245 | 0 | 0 |
_aNeeds of the present, challenges for the future _h[electronic resource] / _cTheodore H. Moran, Gerald T. West, and Keith Martin, editors. |
| 260 |
_aWashington, D.C. : _bWorld Bank, _cc2008. |
||
| 300 |
_axxi, 271 p. : _bill. |
||
| 490 | 1 |
_aInternational political risk management ; _vv. 4 |
|
| 500 | _a"Based on a symposium held November 5, 2006, under the joint auspices of the Multilateral Investment Guarantee Agency (MIGA) of the World Bank Group and the Karl F. Landegger Program in International Business Diplomacy at the School of Foreign Service, Georgetown University"--Preface. | ||
| 504 | _aIncludes bibliographical references. | ||
| 533 |
_aElectronic reproduction. _bPalo Alto, Calif. : _cebrary, _d2011. _nAvailable via World Wide Web. _nAccess may be limited to ebrary affiliated libraries. |
||
| 650 | 0 |
_aInvestment guaranty insurance _vCongresses. |
|
| 650 | 0 |
_aRisk (Insurance) _vCongresses. |
|
| 650 | 0 |
_aRisk management _xPolitical aspects _vCongresses. |
|
| 655 | 7 |
_aElectronic books. _2local |
|
| 700 | 1 |
_aMoran, Theodore H., _d1943- |
|
| 700 | 1 |
_aWest, Gerald T. _q(Gerald Thomas), _d1944- |
|
| 700 | 1 | _aMartin, Geral-Keith. | |
| 710 | 2 | _aebrary, Inc. | |
| 711 | 2 |
_aMIGA-Georgetown University Symposium on International Political Risk Management _d(2006 : _cGeorgetown University) |
|
| 830 | 0 |
_aInternational political risk management ; _vv. 4. |
|
| 856 | 4 | 0 |
_uhttp://site.ebrary.com/lib/rucke/Doc?id=10197134 _zAn electronic book accessible through the World Wide Web; click to view |
| 999 |
_c117021 _d117021 |
||